[Event "Bundesliga 9900"]
[Site "Deutschland"]
[Date "2000.01.30"]
[Round "9.5"]
[White "Brynell, Stellan"]
[Black "Goldberg, Alexander"]
[Result "1-0"]
[WhiteElo "2494"]
[BlackElo "2398"]
[PlyCount "47"]
[EventDate "1999.10.09"]
[EventType "team"]
[EventRounds "15"]
[EventCountry "GER"]
[SourceTitle "Bundesliga 9900"]
[Source "DeepChess"]
[SourceDate "2005.01.01"]
[SourceVersion "1"]
[SourceVersionDate "2005.01.01"]
[SourceQuality "1"]
[WhiteTeam "SF Neukoelln 03 e.V."]
[BlackTeam "Dresdner SC 1898"]
[WhiteTeamCountry "GER"]
[BlackTeamCountry "GER"]

1. e4 e5 2. Nf3 Nc6 3. Bb5 a6 4. Bxc6 dxc6 5. O-O Qd6 6. Na3 b5 7. c3 c5 8. Nc2
Bb7 9. Re1 Nf6 10. d4 cxd4 11. cxd4 Nxe4 12. a4 bxa4 13. Nxe5 Be7 14. Ne3 O-O
15. Nf5 Qf6 16. Qg4 Nd6 17. Nh6+ Kh8 18. Nd7 Qg6 19. Rxe7 Rae8 20. Rxe8 Rxe8
21. Ne5 gxh6 22. Nxg6+ hxg6 23. Bxh6 Nf5 24. Be3 1-0

[Event "Bundesliga 9900"]
[Site "Deutschland"]
[Date "2000.01.30"]
[Round "9.6"]
[White "Heinatz, Thomas"]
[Black "Hellsten, Johan"]
[Result "0-1"]
[WhiteElo "2338"]
[BlackElo "2464"]
[PlyCount "126"]
[EventDate "1999.10.09"]
[EventType "team"]
[EventRounds "15"]
[EventCountry "GER"]
[SourceTitle "Bundesliga 9900"]
[Source "DeepChess"]
[SourceDate "2005.01.01"]
[SourceVersion "1"]
[SourceVersionDate "2005.01.01"]
[SourceQuality "1"]
[WhiteTeam "Dresdner SC 1898"]
[BlackTeam "SF Neukoelln 03 e.V."]
[WhiteTeamCountry "GER"]
[BlackTeamCountry "GER"]

1. e4 c5 2. Nf3 e6 3. d4 cxd4 4. Nxd4 a6 5. Bd3 Nf6 6. O-O Qc7 7. Qe2 d6 8. c4
g6 9. b3 Bg7 10. Bb2 O-O 11. Nc3 Nbd7 12. Rad1 b6 13. Bb1 Bb7 14. Rfe1 Rad8 15.
h3 Qb8 16. Nf3 Rfe8 17. Qd2 Ne5 18. Nxe5 dxe5 19. Qe3 Qc7 20. Na4 Nd7 21. Ba3
Bf8 22. b4 Qxc4 23. Rxd7 Rxd7 24. Nxb6 Qd4 25. Nxd7 Qxd7 26. Bc2 Rc8 27. Rd1
Qb5 28. Qb3 Qc6 29. Bd3 Qb6 30. Bb2 Qxb4 31. Qxb4 Bxb4 32. Bxe5 Bc3 33. Bxc3
Rxc3 34. Kf1 Ra3 35. Rd2 g5 36. Ke2 Kg7 37. g3 Bc6 38. Rb2 Kf6 39. Kd2 Ke5 40.
Rb6 Bxe4 41. Bxa6 Rxa2+ 42. Ke3 Ra3+ 43. Ke2 Bf3+ 44. Kd2 Bg2 45. Bd3 h5 46. h4
gxh4 47. gxh4 Ra4 48. Rb5+ Bd5 49. Rb8 Rxh4 50. Be2 Rh1 51. Ke3 h4 52. Rh8 Bg2
53. Rh5+ f5 54. f3 h3 55. Rh6 Rc1 56. Kd2 Rc6 57. Ke3 Rc3+ 58. Kf2 Rc2 59. Ke3
h2 60. f4+ Kd6 61. Bd3 Rc3 62. Rxh2 Be4 63. Rd2 Rxd3+ 0-1

[Event "Bundesliga 9900"]
[Site "Deutschland"]
[Date "2000.01.30"]
[Round "9.7"]
[White "Schoene, Ralf"]
[Black "Wegener, Dirk"]
[Result "1/2-1/2"]
[WhiteElo "2385"]
[BlackElo "2307"]
[PlyCount "87"]
[EventDate "1999.10.09"]
[EventType "team"]
[EventRounds "15"]
[EventCountry "GER"]
[SourceTitle "Bundesliga 9900"]
[Source "DeepChess"]
[SourceDate "2005.01.01"]
[SourceVersion "1"]
[SourceVersionDate "2005.01.01"]
[SourceQuality "1"]
[WhiteTeam "SF Neukoelln 03 e.V."]
[BlackTeam "Dresdner SC 1898"]
[WhiteTeamCountry "GER"]
[BlackTeamCountry "GER"]

1. d4 Nf6 2. c4 g6 3. g3 c6 4. Nc3 d5 5. cxd5 cxd5 6. Bg2 Bg7 7. Nf3 O-O 8. O-O
Nc6 9. Ne5 e6 10. f4 Nd7 11. Nf3 Nb6 12. b3 Bd7 13. a4 Nc8 14. Ba3 Re8 15. e3
Bf8 16. Ne5 Bxa3 17. Rxa3 Nd6 18. Ra1 Rc8 19. Rc1 Re7 20. Qd2 Be8 21. Na2 Rec7
22. Nd3 b6 23. Rc3 Na5 24. Rfc1 Rxc3 25. Rxc3 Rxc3 26. Qxc3 Qc8 27. Qxc8 Nxc8
28. Nac1 Kf8 29. Kf2 Nd6 30. Ke1 Bd7 31. Kd2 Ke7 32. Bf3 f6 33. Nb4 Nc6 34.
Nxc6+ Bxc6 35. Na2 a5 36. Nc3 Ne8 37. Be2 Nc7 38. Bb5 Bxb5 39. Nxb5 Nxb5 40.
axb5 h6 41. Ke2 f5 42. Kf3 Kf6 43. h3 h5 44. h4 1/2-1/2

[Event "Bundesliga 9900"]
[Site "Deutschland"]
[Date "2000.01.30"]
[Round "9.8"]
[White "Andresen, Steffen"]
[Black "Rudolf, Henrik"]
[Result "1-0"]
[WhiteElo "2299"]
[BlackElo "2308"]
[PlyCount "81"]
[EventDate "1999.10.09"]
[EventType "team"]
[EventRounds "15"]
[EventCountry "GER"]
[SourceTitle "Bundesliga 9900"]
[Source "DeepChess"]
[SourceDate "2005.01.01"]
[SourceVersion "1"]
[SourceVersionDate "2005.01.01"]
[SourceQuality "1"]
[WhiteTeam "Dresdner SC 1898"]
[BlackTeam "SF Neukoelln 03 e.V."]
[WhiteTeamCountry "GER"]
[BlackTeamCountry "GER"]

1. c4 g6 2. Nc3 Nf6 3. e4 d6 4. d4 Bg7 5. f3 O-O 6. Be3 b6 7. Nge2 c5 8. d5 e6
9. Nc1 a6 10. a4 exd5 11. cxd5 Nbd7 12. Be2 Ne5 13. O-O Rb8 14. Nb3 Qe8 15. f4
Neg4 16. Bc1 c4 17. Nd4 Nxe4 18. Nxe4 Qxe4 19. Nc6 Ne3 20. Bf3 Qe8 21. Qe2 Nxf1
22. Nxb8 Bf5 23. Nc6 Bd3 24. Qf2 a5 25. Ra3 Ne3 26. Bxe3 Bxb2 27. Ra2 c3 28.
Bd4 Bc1 29. Ra1 Bxf4 30. Qe1 Qxe1+ 31. Rxe1 Ra8 32. Bxc3 h5 33. g3 Bg5 34. Bd4
b5 35. axb5 Bxb5 36. Rb1 Bd3 37. Rb3 Bf5 38. Nxa5 Bc2 39. Rb2 Bd3 40. Nc6 Ra1+
41. Kg2 1-0

[Event "Bundesliga 9900"]
[Site "Deutschland"]
[Date "2000.01.30"]
[Round "9.1"]
[White "Hracek, Zbynek"]
[Black "Dautov, Rustem"]
[Result "1/2-1/2"]
[WhiteElo "2620"]
[BlackElo "2602"]
[PlyCount "50"]
[EventDate "1999.10.09"]
[EventType "team"]
[EventRounds "15"]
[EventCountry "GER"]
[SourceTitle "Bundesliga 9900"]
[Source "DeepChess"]
[SourceDate "2005.01.01"]
[SourceVersion "1"]
[SourceVersionDate "2005.01.01"]
[SourceQuality "1"]
[WhiteTeam "SAbt SV Werder Bremen"]
[BlackTeam "Godesberger SK 1929"]
[WhiteTeamCountry "GER"]
[BlackTeamCountry "GER"]

1. d4 d5 2. c4 c6 3. Nc3 Nf6 4. e3 a6 5. Qc2 b5 6. b3 Bg4 7. Nge2 Nbd7 8. h3
Bh5 9. Nf4 Bg6 10. Nxg6 hxg6 11. Be2 e6 12. O-O Bd6 13. e4 b4 14. exd5 bxc3 15.
dxc6 Nb8 16. Bf3 Qc7 17. d5 O-O 18. Be3 exd5 19. cxd5 a5 20. Rfd1 Rd8 21. Qxc3
Nbd7 22. g3 Nb6 23. Rac1 Bb4 24. Bf4 Bd6 25. Be3 Bb4 1/2-1/2

[Event "Bundesliga 9900"]
[Site "Deutschland"]
[Date "2000.01.30"]
[Round "9.2"]
[White "Gurevich, Mikhail"]
[Black "Babula, Vlastimil"]
[Result "1-0"]
[WhiteElo "2694"]
[BlackElo "2573"]
[PlyCount "79"]
[EventDate "1999.10.09"]
[EventType "team"]
[EventRounds "15"]
[EventCountry "GER"]
[SourceTitle "Bundesliga 9900"]
[Source "DeepChess"]
[SourceDate "2005.01.01"]
[SourceVersion "1"]
[SourceVersionDate "2005.01.01"]
[SourceQuality "1"]
[WhiteTeam "Godesberger SK 1929"]
[BlackTeam "SAbt SV Werder Bremen"]
[WhiteTeamCountry "GER"]
[BlackTeamCountry "GER"]

1. c4 Nf6 2. Nc3 g6 3. e4 d6 4. d4 Bg7 5. Nf3 O-O 6. Be2 e5 7. O-O Nc6 8. d5
Ne7 9. Nd2 a5 10. a3 Bd7 11. b3 c6 12. Ra2 Ne8 13. b4 axb4 14. axb4 Rxa2 15.
Nxa2 cxd5 16. cxd5 f5 17. Nc3 fxe4 18. Ndxe4 Nf5 19. Bb5 Bc8 20. Qa4 Nf6 21.
Qa5 b6 22. Qa2 Bh6 23. Bxh6 Nxh6 24. Ng5 Nf5 25. Bd3 Ng7 26. Qd2 Nfh5 27. g3
Nf5 28. Bxf5 gxf5 29. Ne6 Bxe6 30. dxe6 Ng7 31. Rd1 Nxe6 32. Qa2 Qe7 33. Nb5
Rd8 34. Nc7 Kf7 35. Nd5 Qb7 36. Qc2 Kg6 37. g4 Ng7 38. gxf5+ Nxf5 39. Qe4 Qf7
40. Ne3 1-0

[Event "Bundesliga 9900"]
[Site "Deutschland"]
[Date "2000.01.30"]
[Round "9.4"]
[White "David, Alberto"]
[Black "Pelletier, Yannick"]
[Result "1/2-1/2"]
[WhiteElo "2520"]
[BlackElo "2478"]
[PlyCount "56"]
[EventDate "1999.10.09"]
[EventType "team"]
[EventRounds "15"]
[EventCountry "GER"]
[SourceTitle "Bundesliga 9900"]
[Source "DeepChess"]
[SourceDate "2005.01.01"]
[SourceVersion "1"]
[SourceVersionDate "2005.01.01"]
[SourceQuality "1"]
[WhiteTeam "Godesberger SK 1929"]
[BlackTeam "SAbt SV Werder Bremen"]
[WhiteTeamCountry "GER"]
[BlackTeamCountry "GER"]

1. e4 c5 2. Nf3 d6 3. d4 cxd4 4. Nxd4 Nf6 5. Nc3 a6 6. Be2 e6 7. O-O Be7 8. f4
Nc6 9. Kh1 O-O 10. a4 Qc7 11. Be3 Re8 12. Bf3 Rb8 13. g4 Nxd4 14. Bxd4 e5 15.
fxe5 dxe5 16. Ba7 Ra8 17. g5 Rd8 18. Qe2 Ne8 19. Be3 Be6 20. Bg4 Nd6 21. Bxe6
fxe6 22. g6 hxg6 23. Qg4 Qc4 24. b3 Qxc3 25. Qxe6+ Kh7 26. Qh3+ Kg8 27. Qe6+
Kh7 28. Qh3+ Kg8 1/2-1/2

[Event "Bundesliga 9900"]
[Site "Deutschland"]
[Date "2000.01.30"]
[Round "9.6"]
[White "Heinbuch, Detlef"]
[Black "Schandorff, Lars"]
[Result "1/2-1/2"]
[WhiteElo "2394"]
[BlackElo "2511"]
[PlyCount "71"]
[EventDate "1999.10.09"]
[EventType "team"]
[EventRounds "15"]
[EventCountry "GER"]
[SourceTitle "Bundesliga 9900"]
[Source "DeepChess"]
[SourceDate "2005.01.01"]
[SourceVersion "1"]
[SourceVersionDate "2005.01.01"]
[SourceQuality "1"]
[WhiteTeam "Godesberger SK 1929"]
[BlackTeam "SAbt SV Werder Bremen"]
[WhiteTeamCountry "GER"]
[BlackTeamCountry "GER"]

1. c4 e6 2. Nf3 Nf6 3. g3 d5 4. Bg2 dxc4 5. Qa4+ c6 6. Qxc4 b5 7. Qc2 Bb7 8. d4
Nbd7 9. O-O c5 10. dxc5 Bxc5 11. Nc3 Rc8 12. Qb3 a6 13. Ne1 Bxg2 14. Nxg2 Bd4
15. Rd1 Bxc3 16. bxc3 Qc7 17. Ba3 Nd5 18. Rac1 Nc5 19. Qb1 Na4 20. Qe4 Naxc3
21. Qg4 f5 22. Qf3 Qd7 23. Rd3 b4 24. Bb2 O-O 25. Nf4 Qe7 26. Nxd5 Nxd5 27.
Rxc8 Rxc8 28. e4 fxe4 29. Qxe4 Nc3 30. Qg4 a5 31. a3 h6 32. axb4 axb4 33. h4
Rf8 34. Bxc3 bxc3 35. Rxc3 Qf6 36. Rc2 1/2-1/2

[Event "Bundesliga 9900"]
[Site "Deutschland"]
[Date "2000.01.30"]
[Round "9.7"]
[White "Heissler, Jakob"]
[Black "Jackelen, Thomas"]
[Result "1/2-1/2"]
[WhiteElo "2447"]
[BlackElo "2368"]
[PlyCount "94"]
[EventDate "1999.10.09"]
[EventType "team"]
[EventRounds "15"]
[EventCountry "GER"]
[SourceTitle "Bundesliga 9900"]
[Source "DeepChess"]
[SourceDate "2005.01.01"]
[SourceVersion "1"]
[SourceVersionDate "2005.01.01"]
[SourceQuality "1"]
[WhiteTeam "SAbt SV Werder Bremen"]
[BlackTeam "Godesberger SK 1929"]
[WhiteTeamCountry "GER"]
[BlackTeamCountry "GER"]

1. c4 b6 2. Nf3 Bb7 3. g3 Bxf3 4. exf3 c5 5. Bg2 Nc6 6. f4 g6 7. O-O e6 8. Nc3
Nge7 9. a3 a5 10. Nb5 Nf5 11. Be4 Bg7 12. d3 O-O 13. Rb1 d5 14. Bxf5 gxf5 15.
Be3 Qd7 16. Qf3 a4 17. Rfd1 Na5 18. Qe2 Rfd8 19. h3 Qc6 20. Qf3 Rd7 21. Rdc1
Rad8 22. Kg2 dxc4 23. Qxc6 Nxc6 24. dxc4 Na5 25. Rc2 Rd1 26. Rxd1 Rxd1 27. Nc3
Bxc3 28. Rxc3 Nb3 29. g4 fxg4 30. hxg4 f5 31. g5 Kf7 32. Kf3 Nd4+ 33. Bxd4 Rxd4
34. b3 axb3 35. Rxb3 Rxc4 36. Rxb6 Rc3+ 37. Kg2 Rxa3 38. Rb7+ Kg6 39. Re7 Ra4
40. Rxe6+ Kg7 41. Kg3 c4 42. Rc6 Ra3+ 43. Kh4 Rc3 44. Rc7+ Kg6 45. Rc6+ Kg7 46.
Rf6 Rf3 47. Rxf5 h6 1/2-1/2

[Event "Bundesliga 9900"]
[Site "Deutschland"]
[Date "2000.01.30"]
[Round "9.8"]
[White "Schmidt, Bodo"]
[Black "Meins, Gerlef"]
[Result "1/2-1/2"]
[WhiteElo "2383"]
[BlackElo "2414"]
[PlyCount "82"]
[EventDate "1999.10.09"]
[EventType "team"]
[EventRounds "15"]
[EventCountry "GER"]
[SourceTitle "Bundesliga 9900"]
[Source "DeepChess"]
[SourceDate "2005.01.01"]
[SourceVersion "1"]
[SourceVersionDate "2005.01.01"]
[SourceQuality "1"]
[WhiteTeam "Godesberger SK 1929"]
[BlackTeam "SAbt SV Werder Bremen"]
[WhiteTeamCountry "GER"]
[BlackTeamCountry "GER"]

1. d4 g6 2. c4 Bg7 3. Nc3 d6 4. e4 Nc6 5. Be3 e5 6. d5 Nce7 7. c5 f5 8. Qa4+
Kf8 9. Nf3 Nf6 10. Ng5 Ng4 11. cxd6 cxd6 12. Bd2 Qb6 13. Nh3 fxe4 14. Be2 Nf6
15. Ng5 Bd7 16. Bb5 Bf5 17. Be3 Qd8 18. Rd1 a6 19. Be2 b5 20. Qb3 h6 21. Ne6+
Bxe6 22. dxe6 d5 23. f3 exf3 24. Bxf3 d4 25. Bf2 Rc8 26. O-O Qa5 27. Ne4 Qa4
28. Nxf6 Bxf6 29. Bb7 Qxb3 30. axb3 Kg7 31. Bxc8 Rxc8 32. Rc1 Rd8 33. Rc7 Rd6
34. Re1 g5 35. Rd7 Rc6 36. Bg3 Rxe6 37. Rxd4 Nf5 38. Rde4 Nd6 39. R4e2 Nf7 40.
Rc1 Kg6 41. Rec2 Nd8 1/2-1/2

[Event "Bundesliga 9900"]
[Site "Deutschland"]
[Date "2000.01.30"]
[Round "9.2"]
[White "Kempinski, Robert"]
[Black "Beim, Valery"]
[Result "1/2-1/2"]
[WhiteElo "2528"]
[BlackElo "2563"]
[PlyCount "107"]
[EventDate "1999.10.09"]
[EventType "team"]
[EventRounds "15"]
[EventCountry "GER"]
[SourceTitle "Bundesliga 9900"]
[Source "DeepChess"]
[SourceDate "2005.01.01"]
[SourceVersion "1"]
[SourceVersionDate "2005.01.01"]
[SourceQuality "1"]
[WhiteTeam "Hamburger SK 1830 e.V."]
[BlackTeam "TV Tegernsee"]
[WhiteTeamCountry "GER"]
[BlackTeamCountry "GER"]

1. d4 d5 2. Nf3 e6 3. c4 c5 4. cxd5 exd5 5. Nc3 Nf6 6. g3 Nc6 7. Bg2 Be7 8. O-O
O-O 9. Bg5 cxd4 10. Nxd4 h6 11. Be3 Bg4 12. h3 Be6 13. Qa4 Qd7 14. Kh2 a6 15.
Nxc6 bxc6 16. Rfd1 Rfb8 17. Bd4 Bf5 18. Rd2 Qe6 19. Re1 Rb4 20. Qd1 Rab8 21. a3
Rb3 22. e3 Ne4 23. Nxe4 Bxe4 24. Bxe4 Qxe4 25. Qe2 c5 26. Bc3 c4 27. Rc1 R8b6
28. Rd4 Qe6 29. e4 Bf6 30. Rxd5 Bxc3 31. bxc3 Rxa3 32. Qxc4 Kh7 33. Qd4 Ra2 34.
Kg2 Rbb2 35. Rf1 Re2 36. Re5 Qf6 37. Re8 Qc6 38. Qe5 Qf6 39. Qxf6 gxf6 40. Re7
Kg6 41. g4 Ra4 42. Kf3 Rc2 43. Rd1 Rxc3+ 44. Kg2 Rc8 45. Rdd7 Rf8 46. Kg3 h5
47. gxh5+ Kxh5 48. Rd6 f5 49. f3 fxe4 50. fxe4 f6 51. Kf4 Kg6 52. h4 Ra1 53.
Rdd7 Rf1+ 54. Ke3 1/2-1/2

[Event "Bundesliga 9900"]
[Site "Deutschland"]
[Date "2000.01.30"]
[Round "9.3"]
[White "Hertneck, Gerald"]
[Black "Wahls, Matthias"]
[Result "1-0"]
[WhiteElo "2571"]
[BlackElo "2579"]
[PlyCount "57"]
[EventDate "1999.10.09"]
[EventType "team"]
[EventRounds "15"]
[EventCountry "GER"]
[SourceTitle "Bundesliga 9900"]
[Source "DeepChess"]
[SourceDate "2005.01.01"]
[SourceVersion "1"]
[SourceVersionDate "2005.01.01"]
[SourceQuality "1"]
[WhiteTeam "TV Tegernsee"]
[BlackTeam "Hamburger SK 1830 e.V."]
[WhiteTeamCountry "GER"]
[BlackTeamCountry "GER"]

1. d4 Nf6 2. c4 e6 3. Nf3 b6 4. g3 Ba6 5. b3 Bb4+ 6. Bd2 Be7 7. Bg2 c6 8. O-O
d5 9. Ne5 Nfd7 10. Nxd7 Nxd7 11. Bc3 O-O 12. Nd2 Rc8 13. e4 b5 14. Re1 dxc4 15.
bxc4 Nb6 16. c5 Na4 17. Qc2 e5 18. Nb3 exd4 19. Bxd4 Qc7 20. e5 Rcd8 21. e6
fxe6 22. Rxe6 Rxd4 23. Nxd4 Bxc5 24. Rd1 Bb7 25. Re2 Bc8 26. Kh1 Bg4 27. f3 Bc8
28. Ne6 Bxe6 29. Rxe6 1-0

[Event "Bundesliga 9900"]
[Site "Deutschland"]
[Date "2000.01.30"]
[Round "9.4"]
[White "Mueller, Karsten"]
[Black "Teske, Henrik"]
[Result "1/2-1/2"]
[WhiteElo "2527"]
[BlackElo "2479"]
[PlyCount "32"]
[EventDate "1999.10.09"]
[EventType "team"]
[EventRounds "15"]
[EventCountry "GER"]
[SourceTitle "Bundesliga 9900"]
[Source "DeepChess"]
[SourceDate "2005.01.01"]
[SourceVersion "1"]
[SourceVersionDate "2005.01.01"]
[SourceQuality "1"]
[WhiteTeam "Hamburger SK 1830 e.V."]
[BlackTeam "TV Tegernsee"]
[WhiteTeamCountry "GER"]
[BlackTeamCountry "GER"]

1. e4 e5 2. Nf3 Nc6 3. Nc3 Nf6 4. d4 exd4 5. Nxd4 Nxe4 6. Nxe4 Qe7 7. f3 d5 8.
Bb5 Bd7 9. Bxc6 bxc6 10. O-O dxe4 11. fxe4 c5 12. Nf3 Qd6 13. Qe2 Be7 14. Rd1
Qe6 15. Bf4 Rb8 16. Bxc7 Rxb2 1/2-1/2

[Event "Bundesliga 9900"]
[Site "Deutschland"]
[Date "2000.01.30"]
[Round "9.5"]
[White "Pezerovic, Edin"]
[Black "Heinemann, Thies"]
[Result "0-1"]
[WhiteElo "2436"]
[BlackElo "2479"]
[PlyCount "110"]
[EventDate "1999.10.09"]
[EventType "team"]
[EventRounds "15"]
[EventCountry "GER"]
[SourceTitle "Bundesliga 9900"]
[Source "DeepChess"]
[SourceDate "2005.01.01"]
[SourceVersion "1"]
[SourceVersionDate "2005.01.01"]
[SourceQuality "1"]
[WhiteTeam "TV Tegernsee"]
[BlackTeam "Hamburger SK 1830 e.V."]
[WhiteTeamCountry "GER"]
[BlackTeamCountry "GER"]

1. Nf3 c5 2. c3 d5 3. d4 e6 4. Bf4 Bd6 5. Bg3 Nc6 6. e3 Nf6 7. Nbd2 Bxg3 8.
hxg3 Qd6 9. Bd3 h6 10. a3 e5 11. dxe5 Nxe5 12. Nxe5 Qxe5 13. Bb5+ Ke7 14. Nf3
Qc7 15. Bd3 Rd8 16. Qc2 Kf8 17. Bf5 b6 18. Rd1 Qe7 19. Bxc8 Raxc8 20. O-O Rd6
21. Rd2 Ne4 22. Rd3 Rcd8 23. Rfd1 Qf6 24. Qe2 g6 25. Nd2 Kg7 26. Nf1 Qe5 27.
Nd2 h5 28. Nxe4 dxe4 29. Rxd6 Rxd6 30. Rd2 Qe6 31. Qd1 Rxd2 32. Qxd2 Qa2 33. f4
Qb1+ 34. Kf2 a5 35. c4 a4 36. Qc3+ Kg8 37. Qd2 Kh7 38. Qd5 Qxb2+ 39. Kg1 Kg7
40. Qxe4 Qxa3 41. Qe5+ Kh7 42. f5 Qc1+ 43. Kh2 Qxc4 44. e4 Qd4 45. Qc7 Qf6 46.
Qa7 h4 47. g4 gxf5 48. gxf5 a3 49. Kh3 b5 50. Qxa3 Qg5 51. g4 Qf4 52. e5 Qxe5
53. g5 Qg3+ 54. Qxg3 hxg3 55. Kxg3 b4 0-1

[Event "Bundesliga 9900"]
[Site "Deutschland"]
[Date "2000.01.30"]
[Round "9.6"]
[White "Hansen, Sune Berg"]
[Black "Kachiani Gersinska, Ketino"]
[Result "1-0"]
[WhiteElo "2551"]
[BlackElo "2437"]
[PlyCount "169"]
[EventDate "1999.10.09"]
[EventType "team"]
[EventRounds "15"]
[EventCountry "GER"]
[SourceTitle "Bundesliga 9900"]
[Source "DeepChess"]
[SourceDate "2005.01.01"]
[SourceVersion "1"]
[SourceVersionDate "2005.01.01"]
[SourceQuality "1"]
[WhiteTeam "Hamburger SK 1830 e.V."]
[BlackTeam "TV Tegernsee"]
[WhiteTeamCountry "GER"]
[BlackTeamCountry "GER"]

1. e4 c6 2. c4 d5 3. exd5 cxd5 4. cxd5 Nf6 5. Nc3 Nxd5 6. Nf3 e6 7. Bc4 Nc6 8.
O-O Be7 9. d4 Nxc3 10. bxc3 O-O 11. Re1 Qc7 12. Bd3 Rd8 13. Qc2 h6 14. Qe2 Qa5
15. Bd2 Qh5 16. Rab1 a6 17. Qe4 Qf5 18. Qe2 Qh5 19. Bf4 Bd6 20. Bxd6 Rxd6 21.
Qe4 g6 22. Qf4 Rd5 23. Qf6 b5 24. Be4 Bd7 25. Bxd5 Qxd5 26. Rb2 Rc8 27. h4 Qf5
28. Qxf5 gxf5 29. Rb3 f6 30. Ra3 a5 31. Rb3 Ne7 32. a4 bxa4 33. Rb7 Rd8 34. c4
Kf8 35. Rc7 f4 36. Ra7 Nc6 37. Ra6 a3 38. Ra1 a2 39. d5 exd5 40. cxd5 Nb4 41.
Rxa5 Rc8 42. Ra7 Bg4 43. Rb7 Bxf3 44. gxf3 Nxd5 45. Rxa2 Re8 46. Ra5 Ne7 47.
Ra4 Nd5 48. Rd4 Re5 49. Rd7 Ne7 50. Rxf4 Kf7 51. Kg2 h5 52. Ra7 Kg6 53. Re4 Nd5
54. Kg3 Kf5 55. Rc4 Ne7 56. Ra6 Kg6 57. Re4 Nf5+ 58. Kh3 Re7 59. Ra5 Rc7 60.
Rf4 Ne7 61. Rb5 Rc1 62. Kg2 Rd1 63. Ra4 Nd5 64. Rc5 Rd3 65. Kf1 Nc3 66. Raa5
Rd1+ 67. Kg2 Ne2 68. f4 Nxf4+ 69. Kf3 Ne6 70. Rxh5 Rb1 71. Rhd5 Rb3+ 72. Kg4
Rb4+ 73. Kg3 Rb3+ 74. f3 Ng7 75. Rdb5 Rc3 76. Ra4 Nf5+ 77. Kg2 Ne3+ 78. Kf2 Rc4
79. h5+ Kh6 80. Ra6 Nd1+ 81. Ke1 Nc3 82. Rxf6+ Kg7 83. Rg6+ Kf7 84. Rb7+ Kf8
85. h6 1-0

[Event "Bundesliga 9900"]
[Site "Deutschland"]
[Date "2000.01.30"]
[Round "9.7"]
[White "Klundt, Klaus"]
[Black "Gustafsson, Jan"]
[Result "1/2-1/2"]
[WhiteElo "2398"]
[BlackElo "2484"]
[PlyCount "38"]
[EventDate "1999.10.09"]
[EventType "team"]
[EventRounds "15"]
[EventCountry "GER"]
[SourceTitle "Bundesliga 9900"]
[Source "DeepChess"]
[SourceDate "2005.01.01"]
[SourceVersion "1"]
[SourceVersionDate "2005.01.01"]
[SourceQuality "1"]
[WhiteTeam "TV Tegernsee"]
[BlackTeam "Hamburger SK 1830 e.V."]
[WhiteTeamCountry "GER"]
[BlackTeamCountry "GER"]

1. e4 c5 2. Nf3 Nc6 3. d4 cxd4 4. Nxd4 Qc7 5. Nc3 e6 6. g3 a6 7. Bg2 Nf6 8. O-O
Bc5 9. Bf4 e5 10. Nb3 Bb4 11. Bg5 Bxc3 12. bxc3 d6 13. Qd3 Be6 14. Rfd1 Rd8 15.
Nd2 Na5 16. Bf1 h6 17. Bxf6 gxf6 18. c4 Ke7 19. Rab1 Rc8 1/2-1/2

[Event "Bundesliga 9900"]
[Site "Deutschland"]
[Date "2000.01.30"]
[Round "9.8"]
[White "Reeh, Oliver"]
[Black "Bayer, Bernhard"]
[Result "1/2-1/2"]
[WhiteElo "2399"]
[BlackElo "2295"]
[PlyCount "184"]
[EventDate "1999.10.09"]
[EventType "team"]
[EventRounds "15"]
[EventCountry "GER"]
[SourceTitle "Bundesliga 9900"]
[Source "DeepChess"]
[SourceDate "2005.01.01"]
[SourceVersion "1"]
[SourceVersionDate "2005.01.01"]
[SourceQuality "1"]
[WhiteTeam "Hamburger SK 1830 e.V."]
[BlackTeam "TV Tegernsee"]
[WhiteTeamCountry "GER"]
[BlackTeamCountry "GER"]

1. e4 e5 2. Nf3 Nc6 3. Bb5 a6 4. Ba4 Nf6 5. O-O Be7 6. Re1 b5 7. Bb3 d6 8. a4
b4 9. c3 Rb8 10. a5 O-O 11. h3 bxc3 12. Nxc3 Nd4 13. Bc4 c6 14. d3 Be6 15. Nxd4
exd4 16. Ne2 Bxc4 17. dxc4 c5 18. Nf4 Re8 19. Qc2 Qc7 20. b3 Qb7 21. Rb1 Bd8
22. Bd2 Rxe4 23. Nd5 Rxe1+ 24. Rxe1 Qd7 25. b4 Nxd5 26. cxd5 Be7 27. Qc4 Rb5
28. bxc5 dxc5 29. h4 Bd6 30. Qe2 h6 31. g3 Rb2 32. Qd3 Bf8 33. Re5 Qb5 34. Qxb5
Rxb5 35. Re8 c4 36. d6 Rd5 37. d7 Rxd7 38. Bb4 c3 39. Rxf8+ Kh7 40. Rc8 Rb7 41.
Bxc3 dxc3 42. Rxc3 Rb5 43. Rc7 f6 44. Ra7 Rxa5 45. h5 Kg8 46. Kg2 Kf8 47. Kg1
Ra3 48. Ra8+ Kf7 49. Ra7+ Kg8 50. Ra8+ Kh7 51. Ra7 Ra5 52. Kg2 Rxh5 53. Rxa6
Kg6 54. Ra7 Rf5 55. Rb7 h5 56. Ra7 Kh6 57. Ra8 Rb5 58. Ra7 Kg6 59. Rc7 Rb8 60.
Ra7 Rh8 61. Ra4 Kg5 62. Ra5+ Kh6 63. Ra6 Rc8 64. Rb6 Rc4 65. Rb8 Kg5 66. Rb5+
f5 67. Rb7 g6 68. Rb6 h4 69. gxh4+ Rxh4 70. Ra6 Rg4+ 71. Kf3 Rb4 72. Rc6 Rb3+
73. Kg2 Kh5 74. Rc4 g5 75. Ra4 f4 76. Rc4 Kh4 77. Ra4 Rb6 78. Rc4 Rf6 79. f3
Ra6 80. Rc2 Ra3 81. Rb2 Rc3 82. Ra2 g4 83. fxg4 Kxg4 84. Rb2 Rg3+ 85. Kf2 Rh3
86. Kg2 f3+ 87. Kg1 Kg3 88. Rg2+ Kf4 89. Ra2 Rh5 90. Ra8 Re5 91. Kf2 Re2+ 92.
Kf1 Rb2 1/2-1/2

[Event "Bundesliga 9900"]
[Site "Deutschland"]
[Date "2000.01.30"]
[Round "9.3"]
[White "Smejkal, Jan"]
[Black "De Firmian, Nick E"]
[Result "1/2-1/2"]
[WhiteElo "2526"]
[BlackElo "2570"]
[PlyCount "32"]
[EventDate "1999.10.09"]
[EventType "team"]
[EventRounds "15"]
[EventCountry "GER"]
[SourceTitle "Bundesliga 9900"]
[Source "DeepChess"]
[SourceDate "2005.01.01"]
[SourceVersion "1"]
[SourceVersionDate "2005.01.01"]
[SourceQuality "1"]
[WhiteTeam "SK Passau 1869"]
[BlackTeam "Luebecker SV von 1873 "]
[WhiteTeamCountry "GER"]
[BlackTeamCountry "GER"]

1. Nf3 c5 2. c4 Nc6 3. d4 cxd4 4. Nxd4 Nf6 5. Nc3 e6 6. Ndb5 d5 7. Bf4 e5 8.
cxd5 exf4 9. dxc6 bxc6 10. Qxd8+ Kxd8 11. Rd1+ Bd7 12. Nd6 Bxd6 13. Rxd6 Rb8
14. Rd2 Re8 15. g3 f3 16. Kd1 fxe2+ 1/2-1/2